Normal view
MARC view
Entry Personal Name
001 - CONTROL NUMBER
- control field: 38465
003 - CONTROL NUMBER IDENTIFIER
- control field: ARRUPE
005 - DATE AND TIME OF LATEST TRANSACTION
- control field: 20180112123453.0
008 - FIXED-LENGTH DATA ELEMENTS
- fixed length control field: 180112|| aca||aabn | a|a d
040 ## - CATALOGING SOURCE
- Original cataloging agency: ARRUPE
- Transcribing agency: ARRUPE
100 ## - HEADING--PERSONAL NAME
- Personal name: Smith, Richard,
- Dates associated with a name: 1943 September 28-
670 ## - SOURCE DATA FOUND
- Source citation: Work cat.: (ARRUPE)0: The Nag Hammadi library in English /, c1988.